000 01313nam a2200289 i 4500
001 768714001
003 CO-MdFUSB
005 20220318172059.0
007 ta
008 220214t1977 mx |||| |||| 00| 0 spa d
020 _a[No incluye ISBN]
040 _aCO-MdFUSB
_bspa
_cCO-MdFUSB
_dCO-MdFUSBC
_erda
041 _aspa
082 _223
_a227.107
_bM135
100 _aMacDonald, William,
_eautor
245 1 3 _aLa epístola a los Romanos :
_bdoce estudios sencillos de verdades profundas
_c/ William MacDonald
264 0 _aTehuacán, Puebla, México :
_bEscuela Bíblica Emmaús,
_c[1977]
300 _a72 páginas
_c; 22 cm
336 _2rdacontent
_atexto
_btxt
337 _2rdamedia
_asin mediación
_bn
338 _2rdacarrier
_avolumen
_bnc
505 _aLos planes de Pablo (Romanos 1:1-17). -- El problema del pecado (Romanos 1:18 - 3:20). -- La salvación (Romanos 3:21-31). -- La justificación por fe (Romanos 4). -- Adán y Cristo (Romanos 5). -- La vida victoriosa (Romanos 6). -- ¡Esclavitud! (Romanos 7). -- ¡Libertad! (Romanos 8). -- ¿Y qué de Israel? (Romanos 9-11). -- el amor cumple la ley (Romanos 12, 13). -- El hermano débil (Romanos 14,15:13) -- Planes y personas 8Romanos 15:14 -16:27).
563 _aRústico
630 0 7 _aBiblia.
_pRomanos
942 _cBK
945 _aJTF-925
999 _c67180
_d67180